Слабость Виктории Бергман. [Ч. 3]: Подсказки пифии (Запись № 10269467)

Подробности
000 -МАРКЕР
контрольное поле 01599nam2a2200289 i 4500
001 - ИДЕНТИФИКАТОР ЗАПИСИ
контрольное поле RU\NLR\BIBL_A\010827108
005 - ИДЕНТИФИКАТОР ВЕРСИИ
контрольное поле 20240728202956.0
010 ## - МЕЖДУНАРОДНЫЙ СТАНДАРТНЫЙ НОМЕР КНИГИ (ISBN)
Номер (ISBN) 9785170900787
Тираж 4000
021 ## - НОМЕР ГОСУДАРСТВЕННОЙ РЕГИСТРАЦИИ
Код страны Российская Федерация
Номер 2015-54422
Номер Листа государственной регистраци 3213
035 ## - ДРУГИЕ СИСТЕМНЫЕ НОМЕРА
Идентификатор записи (NLR Aleph) 010827108
100 ## - ДАННЫЕ ОБЩЕЙ ОБРАБОТКИ
Данные общей обработки 20150831d2015 u y0rusy50 ca
101 1# - ЯЗЫК РЕСУРСА
Язык текста, звукозаписи и т.д. русский
Язык оригинала шведский
102 ## - СТРАНА ПУБЛИКАЦИИ ИЛИ ПРОИЗВОДСТВА
Страна публикации Российская Федерация
105 ## - ПОЛЕ КОДИРОВАННЫХ ДАННЫХ: ТЕКСТОВЫЕ МАТЕРИАЛЫ, МОНОГРАФИЧЕСКИЕ
Кодированные данные о монографическом текстовом документе y|||z|||000yy
200 1# - ЗАГЛАВИЕ И СВЕДЕНИЯ ОБ ОТВЕТСТВЕННОСТИ
Основное заглавие Подсказки пифии
Сведения, относящиеся к заглавию [финал сенсационной трилогии
-- роман]
Последующие сведения об ответственности пер. с шведского Елены Тепляшиной
210 ## - ПУБЛИКАЦИЯ, РАСПРОСТРАНЕНИЕ И ДР.
Дата издания, распространения и т.д. 2015
215 ## - ФИЗИЧЕСКАЯ ХАРАКТЕРИСТИКА
Специфическое обозначение материала и объем 470, [1] с.
225 1# - СЕРИЯ
Основное заглавие серии Лучший скандинавский триллер
225 1# - СЕРИЯ
Основное заглавие серии Мировой бестселлер
300 ## - ОБЩИЕ ПРИМЕЧАНИЯ
Текст примечания Содержит нецензурную брань
461 #0 - УРОВЕНЬ НАБОРА
Встроенное поле 001RU\NLR\BIBL_A\010669731
-- 2000#$aСлабость Виктории Бергман$eкриминальная трилогия Йеркера Эрикссона и Хокана Аксландера Сундквиста$fЭрик Арксл Сунд$gпер. со швед. Анны Савицкой$v[Ч. 3]
-- 700#1$aСунд$bЭ. А.$gЭрик Аксл$3RU\NLR\AUTH\770141654
Системный номер (АБИС) связанной записи 9600644
Автор Сунд, Э. А.
Место публикации Москва
Дата публикации 2014
Первые сведения об ответственности Эрик Арксл Сунд
Имя издателя, распространителя и т.д. АСТ
Сведения, относящиеся к заглавию криминальная трилогия Йеркера Эрикссона и Хокана Аксландера Сундквиста
Заглавие Слабость Виктории Бергман
Номер тома [Ч. 3]
942 ## - ДОПОЛНИТЕЛЬНЫЕ ЭЛЕМЕНТЫ ЗАПИСИ (АБИС)
Тип экземпляра АБИС Книга
980 ## - КОЛЛЕКЦИЯ
Название коллекции НБР

Нет доступных экземпляров.